The Upanishads : (Record no. 41334)

MARC details
000 -LEADER
fixed length control field 00766nam a22002177a 4500
005 - DATE AND TIME OF LATEST TRANSACTION
control field 20100812134133.0
010 ## - LCCN (DPL NO)
LC control number ENG-99989
020 ## - INTERNATIONAL STANDARD BOOK NUMBER
International Standard Book Number 9788175053014
Terms of availability 100.00
020 ## - INTERNATIONAL STANDARD BOOK NUMBER
International Standard Book Number 8175053011
Terms of availability 100.00
035 ## - SYSTEM CONTROL NUMBER
System control number EN-83521
037 ## - SOURCE OF ACQUISITION
Source of stock number/acquisition DBAD/PUB
082 ## - DEWEY DECIMAL CLASSIFICATION NUMBER
Classification number 220.24
100 ## - MAIN ENTRY--PERSONAL NAME
Personal name Nikhilananda
245 ## - TITLE STATEMENT
Title The Upanishads :
Remainder of title katha, isa, kena, and mundaka /
Statement of responsibility, etc by Nikhilananda
260 ## - PUBLICATION, DISTRIBUTION, ETC. (IMPRINT)
Place of publication, distribution, etc Kolkata
Name of publisher, distributor, etc Advaita Ashrama
Date of publication, distribution, etc 2008
270 ## - ADDRESS
Address 5 Delhi Entally Road
City Kolkata
Postal code 700014
300 ## - PHYSICAL DESCRIPTION
Extent V.1 (xii,319p.)
Dimensions 22cm (Hb)
650 ## - SUBJECT ADDED ENTRY--TOPICAL TERM
Topical term or geographic name as entry element Upanishads
942 ## - ADDED ENTRY ELEMENTS (KOHA)
Source of classification or shelving scheme Dewey Decimal Classification
Item type English Books
Classification part 220.24
Call number suffix NIK
Holdings
Withdrawn status Lost status Materials specified (bound volume or other part) Not for loan Collection code Home library Current library Date acquired Source of acquisition Cost, normal purchase price Full call number Barcode Copy number Cost, replacement price Koha item type Public note
    V.1 Not For Loan Non-fiction D.B.Act.Division D.B.Act.Division 12/08/2010 DBAD/PUB 100.00 220.24 NIK EN-83521 1 100.00 English Books V.1

© Delhi Public Library
Hit Counter
free hit counter